000
00234 a2200097 4500
001
28940
100
_a
Wiberg D M
245
_a
Theory & Problems of State space & Liners Systems
260
_a
_b
McGraw-Hill
_c
090
_c
19333
_d
19333
942
_a
NUST-CAE
_c
M
_c
10373
999
_c
264013
_d
264013